[Event "HZ Open"]
[Site "Vlissingen NED"]
[Date "2001.07.29"]
[EventDate "2001.07.28"]
[Round "3"]
[Result "1-0"]
[White "Isabel Delemarre-Werner"]
[Black "Regina Pokorna"]
[WhiteElo "2240"]
[BlackElo "2074"]
[PlyCount "35"]

1. e4 e5 2. Nf3 Nc6 3. Bc4 Nf6 4. d3 Be7 5. Bb3 d6 6. c3 Bg4
7. Nbd2 h6 8. Nf1 O-O 9. Ne3 Bh5 10. O-O Qd7 11. Nf5 Nd8
12. h3 Ne6 13. g4 Bg6 14. N3h4 d5 15. Nxg6 fxg6 16. Nxe7+ Qxe7
17. exd5 Kh7 18. dxe6 1-0

[Event "HZ Open"]
[Site "Vlissingen NED"]
[Date "2001.08.01"]
[EventDate "2001.07.28"]
[Round "6"]
[Result "1/2-1/2"]
[White "Regina Pokorna"]
[Black "Harmen Jonkman"]
[WhiteElo "2348"]
[BlackElo "2468"]
[PlyCount "67"]

1. e4 e5 2. Nf3 Nc6 3. Bb5 Nf6 4. O-O Nxe4 5. d4 Nd6 6. Bxc6
dxc6 7. dxe5 Nf5 8. Qxd8+ Kxd8 9. Nbd2 h6 10. h3 c5 11. Ne4 b6
12. Bf4 Be6 13. g4 Ne7 14. Bg3 g5 15. Nf6 Bg7 16. Nh5 Rg8
17. Nd2 Ng6 18. Rae1 Bh8 19. b3 Kc8 20. f4 gxf4 21. Bxf4 Kb7
22. Ne4 c4 23. Nef6 Bxf6 24. exf6 Rh8 25. Ng7 Bd5 26. Nf5 h5
27. Ne7 Nxe7 28. Rxe7 hxg4 29. Rxc7+ Ka6 30. bxc4 Be6 31. hxg4
Rac8 32. g5 Rxc7 33. Bxc7 Rc8 34. Bg3 1/2-1/2

[Event "HZ Open"]
[Site "Vlissingen NED"]
[Date "2001.08.02"]
[EventDate "2001.07.28"]
[Round "7"]
[Result "1-0"]
[White "Vladimir Epishin"]
[Black "Regina Pokorna"]
[WhiteElo "2583"]
[BlackElo "2348"]
[PlyCount "87"]

1. d4 Nf6 2. c4 e6 3. Nc3 Bb4 4. e3 O-O 5. Bd3 d5 6. cxd5 exd5
7. Nge2 b6 8. O-O Bb7 9. Ng3 Re8 10. a3 Bf8 11. b4 a6 12. Rb1
Ra7 13. Qe2 Nbd7 14. b5 c5 15. bxc6 Bxc6 16. a4 Bd6 17. Qc2
Bb7 18. Rb3 Nf8 19. Ba3 Ne6 20. Qb2 Bc7 21. Rc1 Ba8 22. Na2
Qd7 23. Rbc3 Qxa4 24. Nb4 Bd6 25. Nc6 Bxc6 26. Bxd6 Ba8
27. Ra1 Qd7 28. Qxb6 Rd8 29. Bc5 Nxc5 30. Rxc5 Ne4 31. Nxe4
dxe4 32. Bc4 g6 33. h3 Kg7 34. Rxa6 Rxa6 35. Qxa6 Bb7 36. Qa7
Ra8 37. Qb6 Rc8 38. d5 Rxc5 39. Qxc5 f5 40. d6 Bc6 41. Qe5+
Kh6 42. Qf6 Ba4 43. Bg8 Bc6 44. Kh2 1-0

[Event "HZ Open"]
[Site "Vlissingen NED"]
[Date "2001.08.04"]
[EventDate "2001.07.28"]
[Round "9"]
[Result "1/2-1/2"]
[White "Ivo Timmermans"]
[Black "Regina Pokorna"]
[WhiteElo "2185"]
[BlackElo "2348"]
[PlyCount "75"]

1. e4 e5 2. Nf3 Nc6 3. Bb5 a6 4. Ba4 Nf6 5. O-O Be7 6. Re1 b5
7. Bb3 O-O 8. c3 d5 9. exd5 Nxd5 10. Nxe5 Nxe5 11. Rxe5 c6
12. d4 Bd6 13. Re1 Qh4 14. g3 Qh3 15. Be3 Re8 16. Bxd5 cxd5
17. Qf3 Ra7 18. Nd2 Rae7 19. a4 bxa4 20. Rxa4 h5 21. Ra5 Bb7
22. Nb3 h4 23. Raa1 Bc8 24. Bd2 Bf5 25. Rxe7 Rxe7 26. Rxa6
hxg3 27. fxg3 Re6 28. Nc5 Rf6 29. Bf4 Bg4 30. Qf2 Be7 31. Rxf6
Bxf6 32. Qe3 Qh5 33. b4 Bh3 34. Qd3 Bf5 35. Qf1 Bh3 36. Qd3
Bf5 37. Qf1 Bh3 38. Qd3 1/2-1/2

[Event "Tatry Open"]
[Site "High Tatras SVK"]
[Date "2001.09.30"]
[EventDate "2001.09.29"]
[Round "2"]
[Result "0-1"]
[White "Anton Zacik"]
[Black "Regina Pokorna"]
[WhiteElo "2128"]
[BlackElo "2348"]
[PlyCount "98"]

1. e4 e5 2. Nf3 Nc6 3. Bb5 a6 4. Bxc6 dxc6 5. O-O Qd6 6. Na3
Be6 7. b3 f6 8. Nc4 Qd7 9. Bb2 O-O-O 10. Qe2 Bc5 11. Rad1 Bg4
12. Ne3 Bh5 13. b4 Ba7 14. Nf5 Nh6 15. Ng3 Bg4 16. a4 Nf7
17. h3 Bxf3 18. Qxf3 Ng5 19. Qf5 Qxf5 20. exf5 h5 21. d3 h4
22. Ne4 Nf7 23. Bc1 Rh5 24. Be3 Bxe3 25. fxe3 Nh6 26. Nc5 Nxf5
27. Rfe1 Rhh8 28. Kf2 Nd6 29. c4 Rhe8 30. Kf3 b6 31. Ne4 f5
32. Nxd6+ Rxd6 33. Ke2 Rg6 34. Kf2 Rg3 35. b5 cxb5 36. cxb5
axb5 37. axb5 Re6 38. Re2 Reg6 39. Kf1 f4 40. exf4 exf4
41. Rf2 Rf6 42. Ke2 Re3+ 43. Kd2 Rd6 44. Kc2 g5 45. d4 Rd5
46. Ra1 Rxd4 47. Ra8+ Kb7 48. Rg8 Rd5 49. Rd2 Rxb5 0-1

[Event "Tatry Open"]
[Site "High Tatras SVK"]
[Date "2001.10.01"]
[EventDate "2001.09.29"]
[Round "4"]
[Result "0-1"]
[White "Norbert Zambor"]
[Black "Regina Pokorna"]
[WhiteElo "2270"]
[BlackElo "2348"]
[PlyCount "66"]

1. e4 e5 2. Nf3 Nc6 3. Bb5 a6 4. Ba4 Nf6 5. O-O Be7 6. Re1 b5
7. Bb3 O-O 8. h3 Bb7 9. c3 d5 10. d3 Qd6 11. Qe2 Rfe8 12. Nbd2
Rad8 13. Nf1 d4 14. c4 Na5 15. Bd2 Nxb3 16. axb3 Bf8 17. Ng3
g6 18. Rf1 Bg7 19. Nh4 Nd7 20. f4 Qf6 21. Nf3 exf4 22. Ne1 Bh6
23. Qf2 Nc5 24. Ra3 Qh4 25. Bb4 Nxd3 26. Nxd3 Qxg3 27. Nxf4
Qxf2+ 28. Rxf2 Rxe4 29. Bd2 Bf8 30. Ra1 d3 31. cxb5 axb5
32. Ra7 Bc5 33. Rxb7 Rxf4 0-1

[Event "Tatry Open"]
[Site "High Tatras SVK"]
[Date "2001.10.02"]
[EventDate "2001.09.29"]
[Round "5"]
[Result "1/2-1/2"]
[White "Regina Pokorna"]
[Black "Sergey Kasparov"]
[WhiteElo "2348"]
[BlackElo "2494"]
[PlyCount "66"]

1. e4 c6 2. c4 d5 3. cxd5 cxd5 4. exd5 Qxd5 5. Nc3 Qd6 6. Nf3
Nf6 7. Bc4 e6 8. O-O Be7 9. d4 O-O 10. Nb5 Qd8 11. Bf4 Na6
12. Rc1 Bd7 13. Ne5 Bxb5 14. Bxb5 Nb4 15. Ng4 Nbd5 16. Be5 Qb6
17. Bc4 Rfd8 18. Qf3 Nxg4 19. Qxg4 Bf6 20. b3 Bxe5 21. dxe5
Rd7 22. Rfd1 Rad8 23. Bxd5 Rxd5 24. Rxd5 Rxd5 25. Rc8+ Rd8
26. Qc4 g6 27. h4 Kg7 28. Rxd8 Qxd8 29. Qf4 h5 30. Kh2 b6
31. f3 a5 32. a4 Qd5 33. Qe3 Qd8 1/2-1/2

[Event "Tatry Open"]
[Site "High Tatras SVK"]
[Date "2001.10.05"]
[EventDate "2001.09.29"]
[Round "8"]
[Result "1-0"]
[White "Sergei Vesselovsky"]
[Black "Regina Pokorna"]
[WhiteElo "2405"]
[BlackElo "2348"]
[PlyCount "89"]

1. e4 e5 2. Nf3 Nc6 3. Bb5 a6 4. Ba4 Nf6 5. O-O Be7 6. Re1 b5
7. Bb3 O-O 8. d4 d6 9. c3 Bg4 10. Be3 exd4 11. cxd4 Na5
12. Bc2 c5 13. dxc5 dxc5 14. Nbd2 Nd7 15. h3 Bh5 16. Qb1 Qc7
17. e5 Nxe5 18. Nxe5 Qxe5 19. b4 Nc6 20. Bxc5 Qg5 21. Bxe7
Nxe7 22. Bxh7+ Kh8 23. Ne4 Qh4 24. Ng3 f5 25. Nxh5 Kxh7
26. Nf4 Qxf4 27. Rxe7 Rae8 28. Qe1 Rxe7 29. Qxe7 Rc8 30. Qe2
Rc1+ 31. Rxc1 Qxc1+ 32. Kh2 Qf4+ 33. g3 Qxb4 34. Qh5+ Kg8
35. Qxf5 Qb2 36. Qd5+ Kh7 37. Kg2 Qf6 38. h4 Qb6 39. g4 a5
40. g5 g6 41. f4 b4 42. f5 gxf5 43. h5 f4 44. Qf7+ Kh8
45. Qf8+ 1-0

[Event "Tatry Open"]
[Site "High Tatras SVK"]
[Date "2001.10.06"]
[EventDate "2001.09.29"]
[Round "9"]
[Result "1-0"]
[White "Regina Pokorna"]
[Black "Ernest Gibiec"]
[WhiteElo "2348"]
[BlackElo "2219"]
[PlyCount "81"]

1. e4 d6 2. d4 Nf6 3. Nc3 g6 4. f4 Bg7 5. Nf3 O-O 6. Bd3 Nc6
7. O-O Bg4 8. Be3 Nd7 9. e5 dxe5 10. dxe5 f6 11. exf6 exf6
12. Bc4+ Kh8 13. h3 Re8 14. Re1 Be6 15. Bxe6 Rxe6 16. Qd5 Qe7
17. Bxa7 Rxe1+ 18. Rxe1 Qd6 19. Bf2 Qxd5 20. Nxd5 Rxa2
21. Re8+ Bf8 22. Nxf6 Nxf6 23. Rxf8+ Kg7 24. Rc8 Rxb2
25. Rxc7+ Kg8 26. Nd4 Rb1+ 27. Kh2 Ne4 28. Be3 Re1 29. Nxc6
bxc6 30. Bd4 Rd1 31. Be5 c5 32. Rg7+ Kf8 33. Rxh7 g5 34. Rc7
gxf4 35. Bxf4 Rf1 36. Be3 Rf5 37. g4 Re5 38. Kg2 Ke8 39. Kf3
Kd8 40. Kf4 Re6 41. Ra7 1-0

[Event "EuTChw"]
[Site "Leon ESP"]
[Date "2001.11.07"]
[EventDate "2001.11.06"]
[Round "2"]
[Result "0-1"]
[White "Regina Pokorna"]
[Black "Cristina-Adela Foisor"]
[WhiteElo "2318"]
[BlackElo "2444"]
[PlyCount "102"]

1. e4 c6 2. d4 g6 3. Nc3 d6 4. f4 Qb6 5. Bc4 Bg7 6. Nf3 Nh6
7. Qd3 Bg4 8. Be3 Na6 9. h3 Bxf3 10. gxf3 Qa5 11. Qd2 f5
12. O-O-O Nc7 13. Kb1 O-O-O 14. Bb3 Kb8 15. Rhg1 d5 16. e5 Ne6
17. Ne2 Qxd2 18. Rxd2 Nf7 19. h4 Bh6 20. c4 a6 21. Rc1 Nc7
22. cxd5 Nxd5 23. Bxd5 cxd5 24. Rc5 e6 25. Rdc2 Rc8 26. Kc1
Rhd8 27. Kd2 Bf8 28. Rxc8+ Rxc8 29. Rxc8+ Kxc8 30. Kc3 Nd8
31. Nc1 Kd7 32. Nd3 b6 33. b4 b5 34. Nc5+ Bxc5 35. dxc5 Nc6
36. Bd4 a5 37. a3 axb4+ 38. axb4 Ke8 39. Bf2 Kf7 40. Bd4 Kg7
41. Be3 Kh6 42. Bf2 Kh5 43. Be1 h6 44. Kd3 g5 45. hxg5 hxg5
46. fxg5 Kxg5 47. Bd2+ f4 48. Bc3 Kf5 49. Ke2 d4 50. Bd2 Kxe5
51. Kd3 Kd5 0-1

[Event "EuTChw"]
[Site "Leon ESP"]
[Date "2001.11.11"]
[EventDate "2001.11.06"]
[Round "6"]
[Result "0-1"]
[White "Harpa Ingolfsdottir"]
[Black "Regina Pokorna"]
[WhiteElo "2005"]
[BlackElo "2318"]
[PlyCount "86"]

1. e4 e5 2. Nf3 Nc6 3. d4 exd4 4. Nxd4 Nf6 5. Nxc6 bxc6 6. e5
Ne4 7. Bd3 Nc5 8. O-O d6 9. exd6 Bxd6 10. Re1+ Be6 11. Qf3 O-O
12. Nc3 Nxd3 13. cxd3 Qh4 14. h3 Rae8 15. Ne4 Bd5 16. Qg4 Qxg4
17. hxg4 h5 18. Be3 Bb4 19. Rec1 hxg4 20. a3 Be7 21. Bxa7 f5
22. Nc3 Bg5 23. Re1 Bb3 24. Bc5 Rxe1+ 25. Rxe1 Rd8 26. Be7 Re8
27. Bxg5 Rxe1+ 28. Kh2 Re8 29. Bf4 Rd8 30. Bxc7 Rxd3 31. a4
Rd2 32. a5 Bc4 33. b3 Ba6 34. Na4 Rxf2 35. Bb6 Ra2 36. Nc5 Bf1
37. Kg1 Bb5 38. b4 Kf7 39. Bc7 Bc4 40. Bb6 g3 41. Nb3 Bxb3
42. Kf1 Bc4+ 43. Ke1 Rxg2 0-1

[Event "EuTChw"]
[Site "Leon ESP"]
[Date "2001.11.15"]
[EventDate "2001.11.06"]
[Round "9"]
[Result "1/2-1/2"]
[White "Regina Pokorna"]
[Black "Maia Lomineishvili"]
[WhiteElo "2318"]
[BlackElo "2373"]
[PlyCount "98"]

1. d4 Nf6 2. Nf3 e6 3. Bg5 h6 4. Bh4 d6 5. h3 g5 6. Bg3 Ne4
7. Bh2 Bg7 8. Nbd2 f5 9. e3 Nd7 10. Nxe4 fxe4 11. Nd2 Nf6
12. c3 Bd7 13. Qc2 Bc6 14. f3 Qe7 15. Nxe4 Nxe4 16. fxe4 e5
17. O-O-O h5 18. Bc4 O-O-O 19. Rhf1 Rdf8 20. Bd5 Bd7 21. Qd3
g4 22. hxg4 Bxg4 23. Rde1 c6 24. Bb3 Qh4 25. Bg1 Qg3 26. Qd2
Bh6 27. Kb1 Bg5 28. dxe5 Qxe5 29. Qd4 Bh4 30. Rc1 Bg3
31. Rxf8+ Rxf8 32. Qxa7 Kc7 33. Qd4 Be2 34. Bd1 Bf1 35. Bf3
Qxd4 36. exd4 Bd3+ 37. Ka1 h4 38. Rd1 Bc2 39. Rd2 Bxe4
40. Bxe4 Rf1+ 41. Bb1 Rxg1 42. a4 Rf1 43. Ka2 Rf2 44. Rxf2
Bxf2 45. Be4 Be1 46. Kb3 Kb6 47. d5 c5 48. Bf5 Ka5 49. Bc8 b5
1/2-1/2

[Event "Olympiad, women"]
[Site "Bled SLO"]
[Date "2002.10.27"]
[EventDate "2002.10.26"]
[Round "2"]
[Result "1/2-1/2"]
[White "Regina Pokorna"]
[Black "Natalia Zhukova"]
[WhiteElo "2362"]
[BlackElo "2436"]
[PlyCount "44"]

1. e4 d6 2. d4 Nf6 3. Nc3 g6 4. f4 Bg7 5. Nf3 O-O 6. Bd3 Na6
7. O-O c5 8. d5 Bg4 9. a3 Nc7 10. Qe1 Bxf3 11. Rxf3 e6
12. dxe6 fxe6 13. Qh4 d5 14. e5 Nd7 15. Qg4 c4 16. Bf1 Rf5
17. Ne2 Rh5 18. Be3 Qe7 19. b3 Nc5 20. Nd4 Ne4 21. Rh3 Rxh3
22. Qxh3 c3 1/2-1/2

[Event "Olympiad, women"]
[Site "Bled SLO"]
[Date "2002.10.29"]
[EventDate "2002.10.26"]
[Round "4"]
[Result "1/2-1/2"]
[White "Regina Pokorna"]
[Black "Ketino Kachiani-Gersinska"]
[WhiteElo "2362"]
[BlackElo "2439"]
[PlyCount "52"]

1. e4 c6 2. d4 d5 3. exd5 cxd5 4. c4 Nf6 5. Nc3 g6 6. cxd5
Nxd5 7. Qb3 Nb6 8. Bb5+ Bd7 9. d5 Bg7 10. Nge2 O-O 11. Be3
Bxb5 12. Qxb5 N8d7 13. O-O Ne5 14. Rfd1 Nbc4 15. Bd4 Nd6
16. Qb3 Qd7 17. h3 Rfc8 18. a4 Nf5 19. Rac1 Nxd4 20. Nxd4 Nc4
21. Ncb5 Qxd5 22. Nf3 Qe4 23. Nc3 Bxc3 24. Rxc3 Na5 25. Rxc8+
Rxc8 26. Qxf7+ Kxf7 1/2-1/2

[Event "Olympiad, women"]
[Site "Bled SLO"]
[Date "2002.10.30"]
[EventDate "2002.10.26"]
[Round "5"]
[Result "1-0"]
[White "Natascha Bojkovic"]
[Black "Regina Pokorna"]
[WhiteElo "2424"]
[BlackElo "2362"]
[PlyCount "81"]

1. c4 e6 2. g3 d5 3. Bg2 Nf6 4. Nf3 dxc4 5. Qa4+ Nbd7 6. Qxc4
a6 7. Qb3 c5 8. a4 b6 9. Ne5 Nd5 10. Nxf7 Kxf7 11. Bxd5 exd5
12. Qxd5+ Kg6 13. Qxa8 Nf6 14. Qf3 Bg4 15. Qg2 c4 16. f3 Bd7
17. O-O Bc5+ 18. Kh1 Qc8 19. g4 h5 20. d4 cxd3 21. gxh5+ Kf7
22. Qg6+ Kg8 23. h6 Rh7 24. Qxd3 Qe8 25. Nc3 Bc6 26. b4 Bf8
27. Bg5 Kh8 28. Rad1 Qh5 29. Qd8 Kg8 30. Bxf6 Rxh6 31. Bh4
Qxh4 32. Qxh4 Rxh4 33. b5 axb5 34. axb5 Be8 35. Rd8 Kf7 36. e4
Be7 37. Rd5 Bc5 38. Ra1 Be3 39. Ra7+ Kg6 40. Rd8 Bf7 41. Rd6+
1-0

[Event "WGM Mediterranean Flower"]
[Site "Rijeka"]
[Date "2006.03.18"]
[EventDate "2006.03.11"]
[Round "9"]
[Result "1/2-1/2"]
[White "Borka Franciskovic"]
[Black "Regina Pokorna"]
[WhiteElo "2123"]
[BlackElo "2338"]
[PlyCount "98"]

1. Nf3 Nf6 2. c4 e6 3. g3 d5 4. Bg2 dxc4 5. Qa4+ Bd7 6. Qxc4
Bc6 7. O-O a6 8. Qc2 b5 9. a4 b4 10. d3 Bb7 11. Bf4 c5
12. Nbd2 Be7 13. Ne4 Nxe4 14. dxe4 O-O 15. Rfd1 Qc8 16. Ne5
Nc6 17. Nxc6 Qxc6 18. Bf3 Rfd8 19. b3 Rac8 20. Rac1 h6 21. Qc4
a5 22. e5 Qc7 23. Bxb7 Qxb7 24. e4 Qc7 25. Qb5 Rb8 26. Rxd8+
Rxd8 27. h4 g5 28. hxg5 hxg5 29. Be3 Qxe5 30. Qxa5 Rd3 31. Qb5
Rxe3 32. Qe8+ Bf8 33. fxe3 Qxg3+ 34. Kf1 Qf3+ 35. Ke1 Qxe3+
36. Kd1 Qd3+ 37. Ke1 Qxe4+ 38. Kd2 Qd4+ 39. Ke1 Qe3+ 40. Kd1
Qxb3+ 41. Rc2 Qb1+ 42. Kd2 b3 43. Rxc5 Qb2+ 44. Kd3 Qf6
45. Rc8 Qf3+ 46. Kc4 Qd5+ 47. Kc3 Qf3+ 48. Kc4 Qd5+ 49. Kc3
Qf3+ 1/2-1/2

[Event "3rd Szeged Cup"]
[Site "Szeged HUN"]
[Date "2006.09.17"]
[EventDate "2006.09.10"]
[Round "9"]
[Result "1/2-1/2"]
[White "Judit Kiss"]
[Black "Regina Pokorna"]
[WhiteElo "2118"]
[BlackElo "2342"]
[PlyCount "111"]

1. e4 e5 2. Nc3 Nf6 3. Bc4 Nc6 4. d3 Na5 5. Bb3 Nxb3 6. axb3
Be7 7. f4 d6 8. Nf3 exf4 9. Bxf4 O-O 10. O-O c6 11. Qd2 h6
12. Kh1 Be6 13. d4 d5 14. exd5 cxd5 15. Nb5 Ne4 16. Qe2 a6
17. Nc7 Rc8 18. Nxe6 fxe6 19. Ne5 Bd6 20. Qg4 Qf6 21. Nd7 Qf5
22. Qxf5 Rxf5 23. Bxd6 Nxd6 24. c3 Rxf1+ 25. Rxf1 Ne4 26. Re1
Rd8 27. Ne5 Rf8 28. Kg1 Rf6 29. b4 Rf5 30. Nd7 Kf7 31. Rf1 Ke7
32. Nc5 Nxc5 33. bxc5 Kd7 34. b3 Kc6 35. Re1 Rf6 36. Re3 b6
37. cxb6 Kxb6 38. Rf3 Rg6 39. Kf2 Kc6 40. Rg3 Rf6+ 41. Ke3 Rf7
42. Rg6 Kd6 43. c4 dxc4 44. bxc4 a5 45. Ke4 Kd7 46. Rg3 Kd6
47. c5+ Kc6 48. Ke5 Rd7 49. Rd3 Rd5+ 50. Kxe6 a4 51. Kf7 Rd7+
52. Ke6 Rd5 53. Kf7 Rd7+ 54. Ke6 Rd5 55. Kf7 Rd7+ 56. Ke6
1/2-1/2

[Event "Japfa WGM"]
[Site "Jakarta INA"]
[Date "2008.04.16"]
[EventDate "2008.04.15"]
[Round "2"]
[Result "0-1"]
[White "Regina Pokorna"]
[Black "Li Ruofan"]
[WhiteElo "2352"]
[BlackElo "2423"]
[PlyCount "90"]

1. e4 e5 2. Nf3 Nc6 3. Bb5 a6 4. Ba4 Nf6 5. O-O Be7 6. Re1 b5
7. Bb3 d6 8. c3 O-O 9. d4 Bg4 10. Be3 exd4 11. cxd4 Na5
12. Bc2 Nc4 13. Bc1 c5 14. b3 Nb6 15. Bb2 Nfd7 16. Nbd2 Re8
17. h3 Bh5 18. Nf1 cxd4 19. g4 d3 20. Bxd3 Bg6 21. Nd4 Bh4
22. Qd2 Nc5 23. Nf5 Bxf5 24. exf5 Rxe1 25. Rxe1 Bf6 26. Ba3
Nd5 27. Be4 Nxe4 28. Qxd5 Nc3 29. Qc6 Qc8 30. Qxd6 Nxa2
31. Ng3 b4 32. g5 Bc3 33. Re2 bxa3 34. Rxa2 Bb2 35. g6 Qb7
36. gxh7+ Kxh7 37. Qd3 Rb8 38. f6+ g6 39. Qc4 Qxb3 40. Qh4+
Kg8 41. Nf5 gxf5 42. Qg5+ Kf8 43. Qxf5 Qd1+ 44. Kg2 Qd6
45. Qf3 a5 0-1

[Event "Japfa WGM"]
[Site "Jakarta INA"]
[Date "2008.04.16"]
[EventDate "2008.04.15"]
[Round "3"]
[Result "0-1"]
[White "Irine Kharisma Sukandar"]
[Black "Regina Pokorna"]
[WhiteElo "2243"]
[BlackElo "2352"]
[PlyCount "206"]

1. e4 e5 2. Nf3 Nc6 3. Nc3 Nf6 4. Bb5 Bd6 5. d3 a6 6. Ba4 h6
7. Ne2 b5 8. Bb3 Bc5 9. Ng3 d5 10. exd5 Nxd5 11. O-O O-O
12. Re1 Nf6 13. h3 Re8 14. Be3 Bf8 15. Nd2 Na5 16. Qf3 Nxb3
17. Nxb3 Be6 18. Nf5 Nd5 19. Ng3 Nb4 20. Qe2 Qd5 21. Ne4 f5
22. Nc3 Qc6 23. f3 a5 24. a3 Bxb3 25. cxb3 Nd5 26. Nxd5 Qxd5
27. Rac1 Bd6 28. Rc3 Rab8 29. Qc2 b4 30. Rc4 bxa3 31. bxa3
Bxa3 32. Rxc7 Qxb3 33. Qc6 Qe6 34. Qa4 Bb4 35. Rec1 Re7
36. R1c6 Qf7 37. Qc2 Rd8 38. Bf2 Rxc7 39. Rxc7 Rd7 40. Rc8+
Kh7 41. Rc4 Qd5 42. d4 e4 43. fxe4 fxe4 44. Rc8 Re7 45. Be3
Qf5 46. Qc4 Rf7 47. Rc6 Re7 48. Rc8 Qe6 49. Qc2 Bd6 50. Rc6
Qd5 51. Rc8 Qf5 52. Rc6 Bf4 53. Bf2 Qb5 54. Rc3 g6 55. g3 Bd6
56. Kg2 Qd5 57. Be3 Rf7 58. Qb3 Qxb3 59. Rxb3 a4 60. Rb6 Bxg3
61. Ra6 Bf4 62. Bxf4 Rxf4 63. Rxa4 g5 64. Ra6 Kg7 65. Re6 h5
66. d5 Kf7 67. Re5 Kf6 68. Re8 Kf7 69. Re5 Kf6 70. Re8 Rf5
71. Re6+ Kf7 72. Rxe4 Rxd5 73. Re2 Rd3 74. Rf2+ Ke6 75. Ra2
Re3 76. Ra5 Re5 77. Ra6+ Kf5 78. Ra4 Re4 79. Ra3 Re2+ 80. Kf3
Re5 81. Kg3 h4+ 82. Kf3 Rb5 83. Rc3 Rb2 84. Rc5+ Kg6 85. Rc3
Rh2 86. Ke4 Rg2 87. Ra3 Rf2 88. Ra8 Re2+ 89. Kd4 Rh2 90. Ra3
g4 91. hxg4 Kg5 92. Ra8 Re2 93. Rg8+ Kf4 94. g5 Rd2+ 95. Kc3
Rd6 96. g6 Kg3 97. g7 Rd7 98. Ra8 Rxg7 99. Kd4 h3 100. Ra3+
Kh4 101. Ke5 h2 102. Ra4+ Rg4 103. Ra7 Rg5+ 0-1

[Event "Japfa WGM"]
[Site "Jakarta INA"]
[Date "2008.04.17"]
[EventDate "2008.04.15"]
[Round "4"]
[Result "0-1"]
[White "Catherine Perena"]
[Black "Regina Pokorna"]
[WhiteElo "2234"]
[BlackElo "2352"]
[PlyCount "130"]

1. d4 d5 2. c4 e6 3. Nc3 c5 4. Nf3 Nc6 5. cxd5 exd5 6. g3 Nf6
7. Bg2 Be7 8. O-O O-O 9. Bg5 cxd4 10. Nxd4 h6 11. Be3 Re8
12. Rc1 Bg4 13. Nxc6 bxc6 14. h3 Bf5 15. Na4 Qd7 16. Kh2 Rab8
17. Re1 Bb4 18. Bd2 Bd6 19. Bc3 Ne4 20. Bd4 h5 21. Nc3 h4
22. Nxe4 Bxe4 23. e3 hxg3+ 24. fxg3 c5 25. Bc3 Bxg2 26. Kxg2
d4 27. exd4 Rxe1 28. Qxe1 Qc6+ 29. Kf2 Re8 30. Qd2 Qc7 31. Qg5
Bxg3+ 32. Qxg3 Re2+ 33. Kxe2 Qxg3 34. dxc5 Qg2+ 35. Kd3 Qf3+
36. Kc2 Qf2+ 37. Kb3 Qxc5 38. Rd1 Qb5+ 39. Ka3 Qa6+ 40. Kb3
Qe6+ 41. Kb4 Qxh3 42. a4 Qe6 43. a5 g5 44. Kc5 Qc8+ 45. Kb5 g4
46. Bd4 Qf5+ 47. Bc5 g3 48. Rg1 Qd3+ 49. Kc6 a6 50. b4 f5
51. Bd6 Qc4+ 52. Kb6 f4 53. Bxf4 Qd4+ 54. Kxa6 Qxg1 55. Bxg3
Qxg3 56. b5 Qd3 57. Kb6 Qd8+ 58. Ka6 Qa8+ 59. Kb6 Kf7 60. a6
Qb8+ 61. Kc6 Qa7 62. b6 Qxa6 63. Kc7 Ke7 64. b7 Qd6+ 65. Kc8
Qd8+ 0-1

[Event "Japfa WGM"]
[Site "Jakarta INA"]
[Date "2008.04.17"]
[EventDate "2008.04.15"]
[Round "5"]
[Result "1-0"]
[White "Regina Pokorna"]
[Black "Thandar Aye Win"]
[WhiteElo "2352"]
[BlackElo "2291"]
[PlyCount "149"]

1. e4 c6 2. d4 d5 3. exd5 cxd5 4. Bd3 Nf6 5. c3 Nc6 6. Bf4 Bg4
7. Qb3 Qd7 8. Nd2 e6 9. Ngf3 Bxf3 10. Nxf3 Bd6 11. Bxd6 Qxd6
12. O-O O-O 13. Rae1 Rab8 14. Ne5 Rfc8 15. Re3 b5 16. a3 Nd7
17. Bxh7+ Kf8 18. Nxd7+ Qxd7 19. Bd3 a5 20. Bxb5 Qb7 21. a4
Na7 22. Ra1 Nxb5 23. axb5 Qxb5 24. Qxb5 Rxb5 25. Re2 Rcb8
26. Ra2 Ke7 27. h4 Kf6 28. g3 Kf5 29. Kg2 Kf6 30. f4 g6
31. Kf3 Kf5 32. g4+ Kf6 33. Ke3 Kg7 34. Kd3 Rb3 35. Kc2 R3b5
36. Rh2 Kh6 37. Kb1 Rc8 38. Kc2 Rcb8 39. Kd3 Kg7 40. Ke3 Kh6
41. h5 gxh5 42. Rxh5+ Kg6 43. Rh2 Kg7 44. Kf3 Kg6 45. g5 Kg7
46. Kg4 Kg6 47. Rh6+ Kg7 48. Rh2 Kg6 49. Rf2 R8b6 50. f5+
exf5+ 51. Rxf5 Kg7 52. Ra1 Rb7 53. Rf6 Rc7 54. Rf2 Rcb7
55. Rf6 Rc7 56. Ra6 Rxb2 57. R1xa5 Rxc3 58. Rxd5 Rf2 59. Rf5
Rg2+ 60. Kf4 Rcg3 61. Raf6 Rg4+ 62. Ke5 Rxg5 63. Rxf7+ Kg6
64. R7f6+ Kg7 65. Rxg5+ Rxg5+ 66. Ke6 Rg1 67. Rf7+ Kg8 68. Rf5
Re1+ 69. Kd7 Ra1 70. d5 Ra7+ 71. Ke6 Ra6+ 72. d6 Ra1 73. d7
Re1+ 74. Re5 Rd1 75. Ke7 1-0

[Event "Japfa WGM"]
[Site "Jakarta INA"]
[Date "2008.04.18"]
[EventDate "2008.04.15"]
[Round "6"]
[Result "1/2-1/2"]
[White "Jana Krivec"]
[Black "Regina Pokorna"]
[WhiteElo "2362"]
[BlackElo "2352"]
[PlyCount "23"]

1. e4 e5 2. Nc3 Nf6 3. g3 Bc5 4. Bg2 Nc6 5. Nge2 d6 6. d3 a6
7. h3 O-O 8. O-O Be6 9. Nd5 h6 10. Kh2 Nd4 11. Nxf6+ Qxf6
12. Nxd4 1/2-1/2

[Event "Japfa WGM"]
[Site "Jakarta INA"]
[Date "2008.04.18"]
[EventDate "2008.04.15"]
[Round "7"]
[Result "1/2-1/2"]
[White "Li Ruofan"]
[Black "Regina Pokorna"]
[WhiteElo "2423"]
[BlackElo "2352"]
[PlyCount "89"]

1. d4 Nf6 2. c4 e6 3. Nc3 d5 4. Bg5 Be7 5. Nf3 Nbd7 6. e3 h6
7. Bh4 O-O 8. Bd3 b6 9. O-O Bb7 10. Qe2 c5 11. cxd5 Nxd5
12. Bg3 cxd4 13. exd4 Nb4 14. Bb1 Ba6 15. Nb5 Nf6 16. Rd1 Qd7
17. a4 Rfd8 18. d5 Nfxd5 19. Ne5 Qe8 20. h3 Nf6 21. Re1 Rd5
22. Ng4 Bxb5 23. axb5 Nxg4 24. Qxg4 Qxb5 25. Be4 Bf6 26. Qe2
Qxe2 27. Rxe2 a5 28. Bxd5 Nxd5 29. Be5 Bxe5 30. Rxe5 Rc8
31. Kf1 Kf8 32. Ree1 Rc2 33. Re2 Rc5 34. g3 Ke7 35. h4 h5
36. Rd2 Rc4 37. Ke2 a4 38. Kd1 Rb4 39. Rc1 Kd7 40. Rcc2 g6
41. Rd3 Kd6 42. Kc1 Kd7 43. f3 Kd6 44. Kb1 Rb5 45. Rc4 1/2-1/2

[Event "Japfa WGM"]
[Site "Jakarta INA"]
[Date "2008.04.19"]
[EventDate "2008.04.15"]
[Round "8"]
[Result "1/2-1/2"]
[White "Regina Pokorna"]
[Black "Irine Kharisma Sukandar"]
[WhiteElo "2352"]
[BlackElo "2243"]
[PlyCount "78"]

1. e4 e5 2. Nf3 Nc6 3. d4 exd4 4. Nxd4 Bc5 5. Nb3 Bb6 6. a4 a6
7. Nc3 d6 8. Nd5 Ba7 9. Be3 Bxe3 10. Nxe3 Be6 11. c4 Qf6
12. Qd2 Nge7 13. Be2 Qg6 14. f3 f5 15. Nd5 O-O-O 16. Bd3 fxe4
17. fxe4 Rhf8 18. O-O-O Qe8 19. Kb1 Ne5 20. Qa5 Qd7 21. Rd2
N7g6 22. Qc3 Nxd3 23. Rxd3 Ne5 24. Rd4 Kb8 25. c5 Bxd5
26. exd5 Qf5+ 27. Ka1 Qg5 28. Qb4 Ka7 29. Rc1 Rf7 30. a5 Qxg2
31. cxd6 Rxd6 32. Nc5 b6 33. Ne4 bxa5 34. Rxc7+ Rxc7 35. Qxd6
Rb7 36. Qc5+ Ka8 37. Qc8+ Ka7 38. Qc5+ Ka8 39. Qc8+ Ka7
1/2-1/2

[Event "Japfa WGM"]
[Site "Jakarta INA"]
[Date "2008.04.19"]
[EventDate "2008.04.15"]
[Round "9"]
[Result "1/2-1/2"]
[White "Thandar Aye Win"]
[Black "Regina Pokorna"]
[WhiteElo "2291"]
[BlackElo "2352"]
[PlyCount "72"]

1. e4 e5 2. Nf3 Nc6 3. Bc4 Bc5 4. c3 Nf6 5. d3 d6 6. Bb3 a6
7. O-O Ba7 8. Nbd2 O-O 9. Re1 h6 10. Nf1 Be6 11. Bc2 Re8
12. Be3 d5 13. exd5 Bxd5 14. Ng3 Qd7 15. Ne4 Bxe4 16. dxe4
Bxe3 17. Rxe3 Rad8 18. Qxd7 Rxd7 19. Kf1 Red8 20. Ke1 Kf8
21. Re2 Ke7 22. Rd1 b5 23. Nd2 Na5 24. Nf1 Nc4 25. Rxd7+ Rxd7
26. Bb3 Nb6 27. f3 c5 28. Ne3 g6 29. Rd2 c4 30. Bc2 Rc7 31. h4
h5 32. g3 Rd7 33. Rg2 Rd8 34. Ke2 Nbd7 35. Rg1 Nc5 36. Ra1 Nb7
1/2-1/2

[Event "Japfa WGM"]
[Site "Jakarta INA"]
[Date "2008.04.20"]
[EventDate "2008.04.15"]
[Round "10"]
[Result "1-0"]
[White "Regina Pokorna"]
[Black "Catherine Perena"]
[WhiteElo "2352"]
[BlackElo "2234"]
[PlyCount "67"]

1. e4 e5 2. Bc4 Nf6 3. d3 d5 4. exd5 Nxd5 5. Nf3 Nc6 6. O-O
Be7 7. Re1 O-O 8. Nxe5 Nxe5 9. Rxe5 Nb6 10. Bb3 Bf6 11. Re1
Qd4 12. c3 Qd6 13. d4 Bf5 14. Qf3 Rae8 15. Be3 Be4 16. Qg3 Qd8
17. Nd2 Bg6 18. Nf3 a5 19. Bf4 Rxe1+ 20. Rxe1 Nd5 21. Be5 c6
22. Bxd5 Qxd5 23. b3 a4 24. c4 Qa5 25. h4 Re8 26. h5 Bxe5
27. Rxe5 Rxe5 28. dxe5 Bxh5 29. Qh3 g6 30. g4 axb3 31. axb3
Bxg4 32. Qxg4 Qb4 33. e6 Qxb3 34. e7 1-0